Loading...
| Literature - World | 0 | 7 | 0 | 0 | 70 | 47 | 87.14 | 1 | 5 | 0.00 | 0.00 |
| Literature - European | 0 | 6 | 1 | 2 | 55 | 104 | 120.00 | 0 | 1 | 0.00 | 0.00 |
| Philosophy | 0 | 6 | 1 | 3 | 55 | 82 | 99.83 | 1 | 3 | 0.00 | 0.00 |
| Mythology | 0 | 6 | 1 | 1 | 55 | 61 | 94.50 | 1 | 3 | 0.00 | 0.00 |
| Fine Arts - Other | 0 | 5 | 1 | 0 | 45 | 66 | 90.60 | 0 | 2 | 0.00 | 0.00 |
| Religion | 0 | 5 | 1 | 2 | 45 | 79 | 100.20 | 0 | 3 | 0.00 | 0.00 |
| Literature - British | 0 | 5 | 1 | 0 | 45 | 46 | 105.20 | 0 | 3 | 0.00 | 0.00 |
| Social Science | 0 | 3 | 0 | 0 | 30 | 68 | 88.00 | 1 | 1 | 0.00 | 0.00 |
| History - Other | 0 | 3 | 0 | 0 | 30 | 50 | 80.00 | 2 | 2 | 0.00 | 0.00 |
| Literature - American | 0 | 3 | 1 | 0 | 25 | 34 | 82.67 | 1 | 2 | 0.00 | 0.00 |
| Fine Arts - Painting and Sculpture | 0 | 3 | 1 | 0 | 25 | 82 | 94.33 | 1 | 2 | 0.00 | 0.00 |
| Science - Other | 0 | 3 | 1 | 1 | 25 | 53 | 89.67 | 0 | 1 | 0.00 | 0.00 |
| Fine Arts - Classical Music | 0 | 3 | 1 | 2 | 25 | 87 | 105.33 | 0 | 1 | 0.00 | 0.00 |
| History - World | 0 | 2 | 0 | 0 | 20 | 94 | 95.00 | 0 | 1 | 0.00 | 0.00 |
| Popular Culture | 0 | 1 | 0 | 0 | 10 | 75 | 75.00 | 0 | 0 | 0.00 | 0.00 |
| Other Academic | 0 | 1 | 0 | 1 | 10 | 125 | 125.00 | 0 | 1 | 0.00 | 0.00 |
| History - European | 0 | 1 | 1 | 0 | 5 | 49 | 49.00 | 0 | 1 | 0.00 | 0.00 |
| Science - Physics | 0 | 0 | 2 | 0 | -10 | 0.00 | 0 | 0 | 0.00 | 0.00 |